00597nam a2200193Ia 4500008004100000020001800041082001500059100001400074245002000088250000700108260003900115300002300154500001900177600003300196650001600229942000700245952013400252999001700386240925s9999 xx 000 0 und d a9789380298498 a515.63 GUP aGupta, R. 0aVector Calculus aNA aNew Delhi:bFirewall Mediac,2012. a343p.b0fOriginal aIncludes Index aHumanities & Natural Science aMathematics cBK 001040708HUMaUITUbUITUd2019-02-03eAllied Book Companyg1081.60l0o515.63 GUPpQ14502r2024-09-25 07:17:20w2024-09-25yBK c17001d17001